000 00661nam a22002177a 4500
003 UA-OsUOA
001 116291
007 ta
008 20160225b un ||||| |||| 00| 0 ukr d
100 _aАврамчук А.С.
090 _a330(477)
_bА21
942 _cSA
040 _aUA-OsUOA
_bfre
_cUA-OsUOA
_dUA-OsUOA
245 _aМодель стратегічного управління конкурентоспроможнісю агрохолдингу
300 _aС.38-47
955 _a0
041 _afre
080 _a330(477)
773 0 _w116287
_tПроблеми науки
_dК.
_d2015
_g12
650 7 _a330 Економіка взагалі
_2UDC
999 _c402154
_d402154